[Event "45th FIDE Chess Olympiad Open"]
[Site "Budapest, Hungary"]
[Date "2024.09.19"]
[Round "8"]
[White "Haring, Filip"]
[Black "Tran, Thanh Tu"]
[Result "0-1"]
[Board "105"]
[WhiteFideId "14933080"]
[BlackFideId "12401404"]
[WhiteTitle "IM"]
[BlackTitle "CM"]
[WhiteElo "2503"]
[BlackElo "2387"]
[WhiteTeam "Slovakia"]
[BlackTeam "Japan"]
[WhiteClock "0:00:34"]
[BlackClock "0:06:36"]
[Variant "Standard"]

1. e4 {[%clk 1:30:47]}  c5 {[%clk 1:30:23]} 2. Nf3 {[%clk 1:31:07]}  g6 {[%clk 1:30:14]} 3. d4 {[%clk 1:25:48]}  cxd4 {[%clk 1:30:16]} 4. Nxd4 {[%clk 1:25:53]}  Nc6 {[%clk 1:30:16]} 5. Nc3 {[%clk 1:25:53]}  Bg7 {[%clk 1:30:34]} 6. Be3 {[%clk 1:26:06]}  Nf6 {[%clk 1:30:42]} 7. Bc4 {[%clk 1:24:19]}  O-O {[%clk 1:31:00]} 8. Bb3 {[%clk 1:24:31]}  d6 {[%clk 1:31:14]} 9. f3 {[%clk 1:24:18]}  Qa5 {[%clk 1:30:28]} 10. Qd2 {[%clk 1:23:13]}  Nxd4 {[%clk 1:30:37]} 11. Bxd4 {[%clk 1:23:37]}  Be6 {[%clk 1:31:00]} 12. O-O-O {[%clk 1:16:52]}  b5 {[%clk 1:29:21]} 13. Kb1 {[%clk 1:15:54]}  b4 {[%clk 1:29:40]} 14. Nd5 {[%clk 1:15:19]}  Bxd5 {[%clk 1:29:58]} 15. exd5 {[%clk 1:15:13]}  Qb5 {[%clk 1:30:11]} 16. Qd3 {[%clk 1:13:37]}  Qxd3 {[%clk 1:30:31]} 17. Rxd3 {[%clk 1:13:58]}  Nd7 {[%clk 1:30:50]} 18. Bxg7 {[%clk 1:13:04]}  Kxg7 {[%clk 1:31:13]} 19. Rd4 {[%clk 1:13:12]}  a5 {[%clk 1:17:33]} 20. Re1 {[%clk 1:12:56]}  Nc5 {[%clk 1:14:37]} 21. Bc4 {[%clk 1:13:11]}  Ra7 {[%clk 1:09:04]} 22. Re3 {[%clk 1:11:34]}  Rb8 {[%clk 1:05:28]} 23. h4 {[%clk 1:04:44]}  f5 {[%clk 1:02:46]} 24. Kc1 {[%clk 1:00:05]}  Kf6 {[%clk 0:52:22]} 25. Be2 {[%clk 0:49:40]}  Rc7 {[%clk 0:44:45]} 26. Rc4 {[%clk 0:47:31]}  Rbc8 {[%clk 0:41:46]} 27. a3 {[%clk 0:36:58]}  Nd7 {[%clk 0:38:15]} 28. Rxc7 {[%clk 0:34:43]}  Rxc7 {[%clk 0:38:43]} 29. axb4 {[%clk 0:28:35]}  axb4 {[%clk 0:39:03]} 30. Rb3 {[%clk 0:24:43]}  Nb6 {[%clk 0:37:52]} 31. Rxb4 {[%clk 0:25:07]}  Nxd5 {[%clk 0:38:18]} 32. Ra4 {[%clk 0:22:27]}  Ne3 {[%clk 0:34:29]} 33. Kd2 {[%clk 0:22:36]}  Nd5 {[%clk 0:29:40]} 34. g3 {[%clk 0:20:30]}  e5 {[%clk 0:28:52]} 35. Bd3 {[%clk 0:10:13]}  h5 {[%clk 0:25:37]} 36. c3 {[%clk 0:04:23]}  g5 {[%clk 0:16:18]} 37. Ra6 {[%clk 0:03:24]}  Rd7 {[%clk 0:16:21]} 38. Bb5 {[%clk 0:01:26]}  Rd8 {[%clk 0:16:29]} 39. Bc4 {[%clk 0:01:05]}  Ne7 {[%clk 0:15:58]} 40. hxg5+ {[%clk 0:00:46]}  Kxg5 {[%clk 0:14:14]} 41. Ra7 {[%clk 0:00:59]}  Ng6 {[%clk 0:06:34]} 42. Bd3 {[%clk 0:30:13]}  d5 {[%clk 0:33:45]} 43. Ra6 {[%clk 0:19:33]}  Rg8 {[%clk 0:30:19]} 44. Rd6 {[%clk 0:13:43]}  h4 {[%clk 0:16:18]} 45. gxh4+ {[%clk 0:12:53]}  Nxh4 {[%clk 0:15:59]} 46. Rxd5 {[%clk 0:10:26]}  Kf4 {[%clk 0:15:40]} 47. Be2 {[%clk 0:10:13]}  Rg2 {[%clk 0:12:54]} 48. Ke1 {[%clk 0:08:06]}  Rh2 {[%clk 0:10:53]} 49. b4 {[%clk 0:05:20]}  Ng2+ {[%clk 0:08:21]} 50. Kd2 {[%clk 0:05:45]}  Ne3 {[%clk 0:08:46]} 51. Rd8 {[%clk 0:05:24]}  Nf1+ {[%clk 0:08:39]} 52. Kd1 {[%clk 0:01:37]}  Ng3 {[%clk 0:09:01]} 53. Rd2 {[%clk 0:02:02]}  Ke3 {[%clk 0:08:15]} 54. Rd3+ {[%clk 0:01:07]}  Kf2 {[%clk 0:08:43]} 55. Rd5 {[%clk 0:00:40]}  Nxe2 {[%clk 0:08:16]} 56. Rxe5 {[%clk 0:01:04]}  Ng3 {[%clk 0:08:39]} 57. b5 {[%clk 0:01:00]}  Kxf3 {[%clk 0:08:12]} 58. c4 {[%clk 0:01:19]}  Kf4 {[%clk 0:05:36]} 59. Re6 {[%clk 0:01:10]}  Ne4 {[%clk 0:05:36]} 60. b6 {[%clk 0:00:43]}  Rb2 {[%clk 0:05:55]} 61. Kc1 {[%clk 0:00:43]}  Rb4 {[%clk 0:06:20]} 62. Rc6 {[%clk 0:01:09]}  Ke3 {[%clk 0:06:29]} 63. c5 {[%clk 0:00:42]}  f4 {[%clk 0:06:40]} 64. Rc7 {[%clk 0:00:36]}  f3 {[%clk 0:06:54]} 65. b7 {[%clk 0:00:55]}  f2 {[%clk 0:07:14]} 66. Rf7 {[%clk 0:01:06]}  Nxc5 {[%clk 0:06:27]} 67. Kc2 {[%clk 0:00:34]}  Nxb7 {[%clk 0:06:36]} 0-1

[Event "45th FIDE Chess Olympiad Open"]
[Site "Budapest, Hungary"]
[Date "2024.09.19"]
[Round "8"]
[White "Nanjo, Ryosuke"]
[Black "Sahidi, Samir"]
[Result "0-1"]
[Board "106"]
[WhiteFideId "7000634"]
[BlackFideId "14936372"]
[WhiteTitle "IM"]
[BlackTitle "IM"]
[WhiteElo "2372"]
[BlackElo "2474"]
[WhiteTeam "Japan"]
[BlackTeam "Slovakia"]
[WhiteClock "0:03:52"]
[BlackClock "0:33:56"]
[Variant "Standard"]

1. e4 {[%clk 1:30:55]}  e5 {[%clk 1:30:50]} 2. Nf3 {[%clk 1:31:21]}  Nc6 {[%clk 1:31:09]} 3. Bb5 {[%clk 1:31:46]}  Nf6 {[%clk 1:31:31]} 4. O-O {[%clk 1:31:55]}  Nxe4 {[%clk 1:31:28]} 5. d4 {[%clk 1:32:17]}  Nd6 {[%clk 1:30:31]} 6. Bxc6 {[%clk 1:32:30]}  dxc6 {[%clk 1:30:53]} 7. dxe5 {[%clk 1:32:55]}  Nf5 {[%clk 1:31:15]} 8. Qxd8+ {[%clk 1:33:20]}  Kxd8 {[%clk 1:31:38]} 9. Nc3 {[%clk 1:32:51]}  Be7 {[%clk 1:28:20]} 10. h3 {[%clk 1:32:15]}  h5 {[%clk 1:27:10]} 11. Bf4 {[%clk 1:32:11]}  Be6 {[%clk 1:20:12]} 12. Rad1+ {[%clk 1:30:18]}  Kc8 {[%clk 1:15:28]} 13. Ng5 {[%clk 1:26:44]}  Bxg5 {[%clk 1:12:55]} 14. Bxg5 {[%clk 1:27:08]}  c5 {[%clk 1:12:23]} 15. Rd2 {[%clk 0:46:56]}  b6 {[%clk 1:09:26]} 16. Ne2 {[%clk 0:31:08]}  Kb7 {[%clk 0:56:28]} 17. a3 {[%clk 0:11:13]}  Rae8 {[%clk 0:54:51]} 18. Rfd1 {[%clk 0:06:10]}  Bc4 {[%clk 0:45:14]} 19. Bf4 {[%clk 0:06:12]}  f6 {[%clk 0:33:48]} 20. Ng3 {[%clk 0:05:38]}  fxe5 {[%clk 0:33:18]} 21. Nxf5 {[%clk 0:05:19]}  exf4 {[%clk 0:33:40]} 22. Nxg7 {[%clk 0:03:54]}  Re5 {[%clk 0:33:38]} 23. b3 {[%clk 0:03:14]}  Be2 {[%clk 0:32:01]} 24. Re1 {[%clk 0:02:19]}  f3 {[%clk 0:32:12]} 25. gxf3 {[%clk 0:02:25]}  Rg5+ {[%clk 0:32:26]} 26. Kh2 {[%clk 0:02:51]}  Bxf3 {[%clk 0:32:11]} 27. Rg1 {[%clk 0:02:55]}  Rxg1 {[%clk 0:32:06]} 28. Kxg1 {[%clk 0:03:23]}  Rg8 {[%clk 0:32:26]} 29. Rd7 {[%clk 0:02:31]}  Kc8 {[%clk 0:32:48]} 30. Re7 {[%clk 0:02:44]}  Kd8 {[%clk 0:33:06]} 31. Rf7 {[%clk 0:03:00]}  Bd5 {[%clk 0:33:31]} 32. Rf5 {[%clk 0:02:46]}  Rxg7+ {[%clk 0:33:54]} 33. Kf1 {[%clk 0:03:12]}  Be4 {[%clk 0:33:31]} 34. Rxh5 {[%clk 0:03:30]}  Bxc2 {[%clk 0:33:54]} 35. b4 {[%clk 0:03:52]}  c4 {[%clk 0:33:56]} 0-1

[Event "45th FIDE Chess Olympiad Open"]
[Site "Budapest, Hungary"]
[Date "2024.09.19"]
[Round "8"]
[White "Kojima, Shinya"]
[Black "Kostolansky, Sebastian Lukas"]
[Result "0-1"]
[Board "108"]
[WhiteFideId "7000812"]
[BlackFideId "14950596"]
[WhiteTitle "IM"]
[BlackTitle "IM"]
[WhiteElo "2299"]
[BlackElo "2405"]
[WhiteTeam "Japan"]
[BlackTeam "Slovakia"]
[WhiteClock "0:00:53"]
[BlackClock "0:05:45"]
[Variant "Standard"]

1. d4 {[%clk 1:30:57]}  Nf6 {[%clk 1:30:54]} 2. c4 {[%clk 1:31:15]}  e6 {[%clk 1:31:16]} 3. Nf3 {[%clk 1:31:32]}  d5 {[%clk 1:31:39]} 4. Nc3 {[%clk 1:31:47]}  Nbd7 {[%clk 1:32:00]} 5. cxd5 {[%clk 1:28:51]}  exd5 {[%clk 1:32:24]} 6. Bf4 {[%clk 1:29:04]}  Bb4 {[%clk 1:31:35]} 7. Rc1 {[%clk 1:25:56]}  Ne4 {[%clk 1:28:29]} 8. Nd2 {[%clk 1:20:38]}  Nxd2 {[%clk 1:23:16]} 9. Qxd2 {[%clk 1:17:40]}  Nf6 {[%clk 1:23:43]} 10. f3 {[%clk 1:14:42]}  O-O {[%clk 1:11:44]} 11. a3 {[%clk 1:10:39]}  Be7 {[%clk 0:54:41]} 12. e3 {[%clk 0:59:40]}  c6 {[%clk 0:38:30]} 13. Bd3 {[%clk 0:57:29]}  Nh5 {[%clk 0:33:06]} 14. Bg3 {[%clk 0:42:10]}  Nxg3 {[%clk 0:30:34]} 15. hxg3 {[%clk 0:42:13]}  h6 {[%clk 0:24:29]} 16. Kf2 {[%clk 0:39:18]}  Re8 {[%clk 0:23:27]} 17. Ne2 {[%clk 0:34:14]}  Bd6 {[%clk 0:23:21]} 18. Bb1 {[%clk 0:33:21]}  Qg5 {[%clk 0:17:33]} 19. Nf4 {[%clk 0:29:52]}  g6 {[%clk 0:18:00]} 20. Rh4 {[%clk 0:26:59]}  Bf8 {[%clk 0:14:02]} 21. Nd3 {[%clk 0:23:59]}  Bf5 {[%clk 0:10:18]} 22. Ne5 {[%clk 0:16:56]}  Bxb1 {[%clk 0:09:46]} 23. Rxb1 {[%clk 0:17:11]}  c5 {[%clk 0:06:14]} 24. Qd3 {[%clk 0:12:51]}  cxd4 {[%clk 0:05:58]} 25. exd4 {[%clk 0:13:08]}  Rxe5 {[%clk 0:05:00]} 26. dxe5 {[%clk 0:10:28]}  Bc5+ {[%clk 0:05:26]} 27. Kf1 {[%clk 0:04:28]}  Qxg3 {[%clk 0:05:36]} 28. Rd4 {[%clk 0:04:47]}  Bxd4 {[%clk 0:03:26]} 29. Qxd4 {[%clk 0:05:13]}  Rc8 {[%clk 0:03:53]} 30. e6 {[%clk 0:02:22]}  Rc2 {[%clk 0:02:59]} 31. exf7+ {[%clk 0:02:42]}  Kf8 {[%clk 0:03:09]} 32. Qh8+ {[%clk 0:00:45]}  Kxf7 {[%clk 0:03:35]} 33. Qh7+ {[%clk 0:01:02]}  Kf6 {[%clk 0:04:04]} 34. Qh8+ {[%clk 0:00:49]}  Kg5 {[%clk 0:04:29]} 35. Qd8+ {[%clk 0:00:45]}  Kh5 {[%clk 0:04:55]} 36. Qxd5+ {[%clk 0:00:53]}  g5 {[%clk 0:05:19]} 37. Qf7+ {[%clk 0:00:53]}  Kh4 {[%clk 0:05:45]} 0-1

[Event "45th FIDE Chess Olympiad Open"]
[Site "Budapest, Hungary"]
[Date "2024.09.19"]
[Round "8"]
[White "Zhakshylykov, Erzhan"]
[Black "Garcia Pantoja, Roberto"]
[Result "1/2-1/2"]
[Board "109"]
[WhiteFideId "13804111"]
[BlackFideId "3509265"]
[WhiteTitle "IM"]
[BlackTitle "GM"]
[WhiteElo "2327"]
[BlackElo "2550"]
[WhiteTeam "Kyrgyzstan"]
[BlackTeam "Colombia"]
[WhiteClock "0:09:45"]
[BlackClock "0:03:31"]
[Variant "Standard"]

1. d4 {[%clk 1:30:56]}  Nf6 {[%clk 1:30:44]} 2. c4 {[%clk 1:31:18]}  e6 {[%clk 1:31:07]} 3. Nc3 {[%clk 1:31:40]}  Bb4 {[%clk 1:31:28]} 4. Nf3 {[%clk 1:31:48]}  b6 {[%clk 1:31:23]} 5. e3 {[%clk 1:32:08]}  O-O {[%clk 1:31:20]} 6. Bd3 {[%clk 1:32:30]}  Bb7 {[%clk 1:31:44]} 7. O-O {[%clk 1:32:37]}  c5 {[%clk 1:32:04]} 8. Na4 {[%clk 1:32:55]}  cxd4 {[%clk 1:32:25]} 9. exd4 {[%clk 1:33:20]}  Re8 {[%clk 1:32:33]} 10. a3 {[%clk 1:28:07]}  Bf8 {[%clk 1:32:50]} 11. b4 {[%clk 1:28:32]}  a5 {[%clk 1:32:46]} 12. Bg5 {[%clk 1:12:42]}  axb4 {[%clk 1:23:02]} 13. axb4 {[%clk 1:13:03]}  h6 {[%clk 1:22:57]} 14. Bxf6 {[%clk 1:07:05]}  Qxf6 {[%clk 1:23:18]} 15. b5 {[%clk 1:07:31]}  d6 {[%clk 1:19:21]} 16. Nxb6 {[%clk 0:56:00]}  Rxa1 {[%clk 1:07:43]} 17. Qxa1 {[%clk 0:56:24]}  Bxf3 {[%clk 1:07:57]} 18. gxf3 {[%clk 0:56:52]}  Qxf3 {[%clk 0:50:16]} 19. Qd1 {[%clk 0:57:15]}  Qb7 {[%clk 0:50:36]} 20. Na4 {[%clk 0:57:19]}  Nd7 {[%clk 0:50:51]} 21. Re1 {[%clk 0:49:17]}  Rc8 {[%clk 0:46:43]} 22. Qb3 {[%clk 0:43:09]}  Nb6 {[%clk 0:42:56]} 23. Be4 {[%clk 0:40:48]}  Qa7 {[%clk 0:42:39]} 24. Nxb6 {[%clk 0:41:11]}  Qxb6 {[%clk 0:43:04]} 25. Qd3 {[%clk 0:40:34]}  Qa5 {[%clk 0:28:15]} 26. Rb1 {[%clk 0:37:16]}  Rb8 {[%clk 0:28:35]} 27. Bc6 {[%clk 0:36:17]}  Be7 {[%clk 0:26:20]} 28. Kg2 {[%clk 0:31:35]}  Qa7 {[%clk 0:24:38]} 29. Rb3 {[%clk 0:23:14]}  Bf6 {[%clk 0:22:53]} 30. d5 {[%clk 0:23:38]}  e5 {[%clk 0:17:01]} 31. Ra3 {[%clk 0:14:17]}  Qc5 {[%clk 0:16:08]} 32. Ra4 {[%clk 0:14:44]}  Bd8 {[%clk 0:14:21]} 33. Qe3 {[%clk 0:08:10]}  Bb6 {[%clk 0:14:23]} 34. Qxc5 {[%clk 0:08:08]}  Bxc5 {[%clk 0:14:51]} 35. f3 {[%clk 0:06:52]}  Kf8 {[%clk 0:13:35]} 36. Kf1 {[%clk 0:04:25]}  Ke7 {[%clk 0:13:24]} 37. Ke2 {[%clk 0:04:49]}  Kf6 {[%clk 0:13:02]} 38. Bd7 {[%clk 0:02:09]}  Rb7 {[%clk 0:08:28]} 39. Bc6 {[%clk 0:02:10]}  Ra7 {[%clk 0:08:04]} 40. Ra6 {[%clk 0:01:51]}  Kg5 {[%clk 0:04:18]} 41. Be8 {[%clk 0:28:16]}  Rxa6 {[%clk 0:23:04]} 42. bxa6 {[%clk 0:28:45]}  f5 {[%clk 0:23:19]} 43. Kd3 {[%clk 0:25:54]}  Kf4 {[%clk 0:23:31]} 44. Bg6 {[%clk 0:26:17]}  Kxf3 {[%clk 0:10:16]} 45. Bxf5 {[%clk 0:26:41]}  g5 {[%clk 0:10:36]} 46. h3 {[%clk 0:17:07]}  h5 {[%clk 0:04:21]} 47. Bg6 {[%clk 0:10:59]}  Kg3 {[%clk 0:04:43]} 48. Bxh5 {[%clk 0:11:25]}  Kxh3 {[%clk 0:05:04]} 49. Bg6 {[%clk 0:11:48]}  g4 {[%clk 0:03:20]} 50. Bf5 {[%clk 0:11:20]}  Kg3 {[%clk 0:01:54]} 51. Ke2 {[%clk 0:06:30]}  Kf4 {[%clk 0:01:46]} 52. Be6 {[%clk 0:06:38]}  Bb6 {[%clk 0:01:01]} 53. Bd7 {[%clk 0:06:48]}  Ba7 {[%clk 0:01:27]} 54. Be6 {[%clk 0:07:01]}  e4 {[%clk 0:01:00]} 55. Bd7 {[%clk 0:06:09]}  Bb6 {[%clk 0:01:26]} 56. Be6 {[%clk 0:06:34]}  g3 {[%clk 0:00:58]} 57. Bh3 {[%clk 0:06:55]}  Ke5 {[%clk 0:01:18]} 58. Bg2 {[%clk 0:05:14]}  Kd4 {[%clk 0:01:41]} 59. Bh1 {[%clk 0:05:30]}  e3 {[%clk 0:00:59]} 60. Bg2 {[%clk 0:05:55]}  Kxc4 {[%clk 0:01:22]} 61. Bh1 {[%clk 0:06:01]}  Kb5 {[%clk 0:00:57]} 62. Bg2 {[%clk 0:06:23]}  Kxa6 {[%clk 0:01:12]} 63. Bh1 {[%clk 0:06:50]}  Kb5 {[%clk 0:01:35]} 64. Bg2 {[%clk 0:06:58]}  Kc4 {[%clk 0:01:58]} 65. Bh1 {[%clk 0:07:15]}  Kd4 {[%clk 0:02:18]} 66. Bg2 {[%clk 0:07:31]}  Ke5 {[%clk 0:02:41]} 67. Bh1 {[%clk 0:07:46]}  Kf4 {[%clk 0:03:02]} 68. Bg2 {[%clk 0:08:08]}  Kg4 {[%clk 0:03:24]} 69. Bf1 {[%clk 0:08:31]}  Bc5 {[%clk 0:02:26]} 70. Bg2 {[%clk 0:08:52]}  Bb6 {[%clk 0:02:41]} 71. Bf1 {[%clk 0:09:18]}  Bc5 {[%clk 0:03:06]} 72. Bg2 {[%clk 0:09:45]}  Bb6 {[%clk 0:03:31]} 1/2-1/2

[Event "45th FIDE Chess Olympiad Open"]
[Site "Budapest, Hungary"]
[Date "2024.09.19"]
[Round "8"]
[White "Cardoso Cardoso, Jose Gabriel"]
[Black "Orozbaev, Eldiyar"]
[Result "0-1"]
[Board "110"]
[WhiteFideId "4430492"]
[BlackFideId "13802240"]
[WhiteTitle "GM"]
[BlackTitle "FM"]
[WhiteElo "2508"]
[BlackElo "2376"]
[WhiteTeam "Colombia"]
[BlackTeam "Kyrgyzstan"]
[WhiteClock "0:09:25"]
[BlackClock "0:43:25"]
[Variant "Standard"]

1. e4 {[%clk 1:30:53]}  c5 {[%clk 1:30:55]} 2. Nf3 {[%clk 1:31:05]}  d6 {[%clk 1:31:18]} 3. d4 {[%clk 1:31:12]}  cxd4 {[%clk 1:31:42]} 4. Nxd4 {[%clk 1:31:36]}  Nf6 {[%clk 1:32:07]} 5. Nc3 {[%clk 1:31:56]}  Nc6 {[%clk 1:32:30]} 6. Bg5 {[%clk 1:31:43]}  e6 {[%clk 1:32:54]} 7. Qd2 {[%clk 1:31:49]}  a6 {[%clk 1:33:14]} 8. O-O-O {[%clk 1:31:28]}  Be7 {[%clk 1:33:38]} 9. Bxf6 {[%clk 1:30:05]}  gxf6 {[%clk 1:34:03]} 10. f4 {[%clk 1:30:28]}  Bd7 {[%clk 1:28:39]} 11. Be2 {[%clk 1:30:47]}  Qb6 {[%clk 1:27:16]} 12. Nb3 {[%clk 1:18:09]}  Qc7 {[%clk 1:26:17]} 13. Bh5 {[%clk 1:16:03]}  b5 {[%clk 1:12:13]} 14. Rhe1 {[%clk 0:58:42]}  b4 {[%clk 1:03:30]} 15. Nd5 {[%clk 0:51:28]}  exd5 {[%clk 1:03:54]} 16. exd5 {[%clk 0:51:45]}  Ne5 {[%clk 1:04:07]} 17. fxe5 {[%clk 0:51:17]}  fxe5 {[%clk 1:04:33]} 18. Rf1 {[%clk 0:34:26]}  O-O {[%clk 1:03:38]} 19. Qh6 {[%clk 0:34:19]}  Rac8 {[%clk 1:02:24]} 20. Rd2 {[%clk 0:34:44]}  Qc4 {[%clk 0:54:03]} 21. Rf3 {[%clk 0:29:21]}  Kh8 {[%clk 0:53:05]} 22. g4 {[%clk 0:10:49]}  Qe4 {[%clk 0:51:29]} 23. Rf1 {[%clk 0:04:50]}  Rg8 {[%clk 0:46:19]} 24. h4 {[%clk 0:03:21]}  Bxg4 {[%clk 0:46:42]} 25. Na5 {[%clk 0:01:44]}  Bf8 {[%clk 0:45:33]} 26. Qf6+ {[%clk 0:01:51]}  Bg7 {[%clk 0:45:57]} 27. Qg5 {[%clk 0:02:17]}  Bxh5 {[%clk 0:45:09]} 28. Qxh5 {[%clk 0:02:46]}  Qe3 {[%clk 0:44:23]} 29. Rf3 {[%clk 0:02:17]}  Qe1+ {[%clk 0:42:51]} 30. Rd1 {[%clk 0:02:46]}  Qe2 {[%clk 0:43:15]} 31. Nc6 {[%clk 0:03:02]}  Bh6+ {[%clk 0:34:36]} 32. Qxh6 {[%clk 0:03:27]}  Qxf3 {[%clk 0:35:01]} 33. Ne7 {[%clk 0:03:14]}  Qf2 {[%clk 0:35:27]} 34. Nxc8 {[%clk 0:03:20]}  Rxc8 {[%clk 0:35:54]} 35. Rd2 {[%clk 0:03:19]}  Qg1+ {[%clk 0:36:21]} 36. Rd1 {[%clk 0:03:45]}  Qg6 {[%clk 0:36:49]} 37. Qd2 {[%clk 0:04:09]}  Rc4 {[%clk 0:37:15]} 38. Qf2 {[%clk 0:03:59]}  Rg4 {[%clk 0:35:29]} 39. Qb6 {[%clk 0:02:54]}  Rg2 {[%clk 0:33:06]} 40. Qc6 {[%clk 0:03:23]}  Kg7 {[%clk 0:32:17]} 41. Rf1 {[%clk 0:19:11]}  a5 {[%clk 0:58:11]} 42. b3 {[%clk 0:13:47]}  h5 {[%clk 0:55:46]} 43. Kb2 {[%clk 0:13:24]}  Rg3 {[%clk 0:54:40]} 44. Qb6 {[%clk 0:13:14]}  Rg2 {[%clk 0:52:40]} 45. Rc1 {[%clk 0:13:35]}  Qf6 {[%clk 0:50:18]} 46. Qxa5 {[%clk 0:13:52]}  e4+ {[%clk 0:49:00]} 47. Kb1 {[%clk 0:14:13]}  Qd4 {[%clk 0:49:20]} 48. a3 {[%clk 0:13:09]}  e3 {[%clk 0:38:51]} 49. Qxb4 {[%clk 0:10:47]}  Qxb4 {[%clk 0:39:17]} 50. axb4 {[%clk 0:11:13]}  e2 {[%clk 0:38:48]} 51. Re1 {[%clk 0:10:55]}  f5 {[%clk 0:39:15]} 52. Kc1 {[%clk 0:11:19]}  f4 {[%clk 0:39:41]} 53. Kd2 {[%clk 0:11:47]}  f3 {[%clk 0:40:06]} 54. Ra1 {[%clk 0:09:56]}  Rf2 {[%clk 0:40:31]} 55. b5 {[%clk 0:08:32]}  Rf1 {[%clk 0:40:57]} 56. Re1 {[%clk 0:08:58]}  f2 {[%clk 0:41:25]} 57. Rxe2 {[%clk 0:09:20]}  Rd1+ {[%clk 0:41:53]} 58. Kxd1 {[%clk 0:09:45]}  f1=Q+ {[%clk 0:42:20]} 59. Kd2 {[%clk 0:10:11]}  Qf4+ {[%clk 0:42:44]} 60. Kd3 {[%clk 0:09:16]}  Qxh4 {[%clk 0:43:01]} 61. Re4 {[%clk 0:09:41]}  Qf2 {[%clk 0:43:12]} 62. b4 {[%clk 0:09:25]}  Qf1+ {[%clk 0:43:25]} 0-1

[Event "45th FIDE Chess Olympiad Open"]
[Site "Budapest, Hungary"]
[Date "2024.09.19"]
[Round "8"]
[White "Valderrama Quiceno, Esteban Alb"]
[Black "Sezdbekov, Ruslan"]
[Result "1/2-1/2"]
[Board "112"]
[WhiteFideId "4442024"]
[BlackFideId "13801856"]
[WhiteTitle "IM"]
[BlackTitle "FM"]
[WhiteElo "2418"]
[BlackElo "2251"]
[WhiteTeam "Colombia"]
[BlackTeam "Kyrgyzstan"]
[WhiteClock "0:01:45"]
[BlackClock "0:01:01"]
[Variant "Standard"]

1. c4 {[%clk 1:30:05]}  e5 {[%clk 1:30:51]} 2. Nc3 {[%clk 1:30:10]}  Nc6 {[%clk 1:30:51]} 3. g3 {[%clk 1:29:28]}  f5 {[%clk 1:30:30]} 4. Nf3 {[%clk 1:25:28]}  Nf6 {[%clk 1:30:00]} 5. d4 {[%clk 1:22:11]}  e4 {[%clk 1:27:37]} 6. Nh4 {[%clk 1:18:15]}  d5 {[%clk 1:21:24]} 7. Bg5 {[%clk 1:13:51]}  Bb4 {[%clk 1:08:54]} 8. e3 {[%clk 1:00:50]}  O-O {[%clk 1:08:36]} 9. Ng2 {[%clk 0:57:52]}  Ne7 {[%clk 1:05:03]} 10. Qb3 {[%clk 0:53:17]}  Bxc3+ {[%clk 1:04:38]} 11. bxc3 {[%clk 0:53:32]}  c6 {[%clk 1:04:55]} 12. Nf4 {[%clk 0:52:35]}  h6 {[%clk 0:54:26]} 13. Bxf6 {[%clk 0:51:55]}  Rxf6 {[%clk 0:53:25]} 14. h4 {[%clk 0:49:49]}  Qa5 {[%clk 0:50:23]} 15. h5 {[%clk 0:41:51]}  Kh7 {[%clk 0:46:29]} 16. Be2 {[%clk 0:40:35]}  b6 {[%clk 0:41:50]} 17. Qb4 {[%clk 0:34:42]}  Qxb4 {[%clk 0:37:55]} 18. cxb4 {[%clk 0:35:01]}  dxc4 {[%clk 0:25:09]} 19. Bxc4 {[%clk 0:34:24]}  b5 {[%clk 0:25:27]} 20. Bb3 {[%clk 0:34:11]}  a5 {[%clk 0:25:46]} 21. bxa5 {[%clk 0:31:49]}  g5 {[%clk 0:23:39]} 22. hxg6+ {[%clk 0:31:48]}  Nxg6 {[%clk 0:22:31]} 23. Rc1 {[%clk 0:21:06]}  Nxf4 {[%clk 0:18:46]} 24. gxf4 {[%clk 0:20:13]}  Rxa5 {[%clk 0:18:36]} 25. Rc5 {[%clk 0:19:18]}  Ra7 {[%clk 0:18:36]} 26. Kd2 {[%clk 0:16:19]}  Rg7 {[%clk 0:16:08]} 27. Rh2 {[%clk 0:13:34]}  Bd7 {[%clk 0:11:39]} 28. Re5 {[%clk 0:13:39]}  b4 {[%clk 0:10:33]} 29. Rc5 {[%clk 0:10:11]}  Be8 {[%clk 0:10:40]} 30. Ke2 {[%clk 0:06:14]}  Bf7 {[%clk 0:10:08]} 31. Rh1 {[%clk 0:05:48]}  Bxb3 {[%clk 0:09:12]} 32. axb3 {[%clk 0:06:17]}  Ra7 {[%clk 0:09:17]} 33. Rhc1 {[%clk 0:06:20]}  Ra3 {[%clk 0:01:05]} 34. Rxc6 {[%clk 0:04:25]}  Rxc6 {[%clk 0:00:57]} 35. Rxc6 {[%clk 0:04:52]}  Kg7 {[%clk 0:00:57]} 36. Kf1 {[%clk 0:03:23]}  Rxb3 {[%clk 0:01:10]} 37. Kg2 {[%clk 0:03:44]}  Rb1 {[%clk 0:00:41]} 38. Rc7+ {[%clk 0:02:57]}  Kf6 {[%clk 0:00:40]} 39. Rc6+ {[%clk 0:02:42]}  Kg7 {[%clk 0:01:06]} 40. Rc7+ {[%clk 0:02:26]}  Kf6 {[%clk 0:00:53]} 41. Rc6+ {[%clk 0:01:45]}  Kg7 {[%clk 0:01:01]} 1/2-1/2

[Event "45th FIDE Chess Olympiad Open"]
[Site "Budapest, Hungary"]
[Date "2024.09.19"]
[Round "8"]
[White "Atabayev, Saparmyrat"]
[Black "Stefansson, Vignir Vatnar"]
[Result "1-0"]
[Board "113"]
[WhiteFideId "14000571"]
[BlackFideId "2308649"]
[WhiteTitle "IM"]
[BlackTitle "GM"]
[WhiteElo "2516"]
[BlackElo "2531"]
[WhiteTeam "Turkmenistan"]
[BlackTeam "Iceland"]
[WhiteClock "0:08:05"]
[BlackClock "0:19:12"]
[Variant "Standard"]

1. e4 {[%clk 1:30:57]}  c5 {[%clk 1:30:30]} 2. Nf3 {[%clk 1:31:19]}  d6 {[%clk 1:30:34]} 3. d4 {[%clk 1:30:57]}  cxd4 {[%clk 1:30:57]} 4. Nxd4 {[%clk 1:31:23]}  Nf6 {[%clk 1:31:18]} 5. Nc3 {[%clk 1:31:45]}  Nc6 {[%clk 1:30:47]} 6. Bg5 {[%clk 1:31:29]}  e6 {[%clk 1:31:06]} 7. Qd2 {[%clk 1:31:55]}  a6 {[%clk 1:31:29]} 8. O-O-O {[%clk 1:32:22]}  Be7 {[%clk 1:31:00]} 9. f3 {[%clk 1:31:50]}  O-O {[%clk 1:29:57]} 10. h4 {[%clk 1:31:58]}  Nxd4 {[%clk 1:30:22]} 11. Qxd4 {[%clk 1:32:25]}  b5 {[%clk 1:28:56]} 12. e5 {[%clk 1:23:42]}  dxe5 {[%clk 1:28:20]} 13. Qxe5 {[%clk 1:24:07]}  Bd7 {[%clk 1:23:09]} 14. Bd3 {[%clk 1:15:47]}  Rc8 {[%clk 1:19:40]} 15. g4 {[%clk 0:51:18]}  Rc5 {[%clk 0:52:37]} 16. Qd4 {[%clk 0:45:45]}  Rc8 {[%clk 0:45:49]} 17. Qe5 {[%clk 0:38:17]}  Kh8 {[%clk 0:40:21]} 18. Rhe1 {[%clk 0:33:25]}  Qc7 {[%clk 0:37:18]} 19. Qxc7 {[%clk 0:31:23]}  Rxc7 {[%clk 0:37:42]} 20. Bf4 {[%clk 0:31:46]}  Rcc8 {[%clk 0:38:02]} 21. g5 {[%clk 0:30:51]}  Nh5 {[%clk 0:35:14]} 22. Bh2 {[%clk 0:31:15]}  Bb4 {[%clk 0:34:44]} 23. Be4 {[%clk 0:24:05]}  Bxc3 {[%clk 0:34:11]} 24. bxc3 {[%clk 0:24:33]}  Bc6 {[%clk 0:34:30]} 25. Kb2 {[%clk 0:24:58]}  Bxe4 {[%clk 0:27:01]} 26. Rxe4 {[%clk 0:24:40]}  Rc6 {[%clk 0:27:24]} 27. c4 {[%clk 0:22:11]}  h6 {[%clk 0:25:24]} 28. Rd6 {[%clk 0:19:54]}  Rc5 {[%clk 0:25:16]} 29. Rxa6 {[%clk 0:19:57]}  Rfc8 {[%clk 0:25:38]} 30. Ra5 {[%clk 0:15:06]}  f5 {[%clk 0:24:49]} 31. Rxe6 {[%clk 0:13:10]}  Rxc4 {[%clk 0:24:59]} 32. Be5 {[%clk 0:12:46]}  Nf4 {[%clk 0:23:29]} 33. Bxf4 {[%clk 0:10:36]}  Rxf4 {[%clk 0:23:54]} 34. Rxb5 {[%clk 0:10:39]}  Rxh4 {[%clk 0:18:46]} 35. g6 {[%clk 0:08:03]}  Rhc4 {[%clk 0:19:12]} 36. Rbe5 {[%clk 0:08:05]} 1-0